000 00563cam a22002174a 4500
001 14982336
005 20180103074059.0
008 070827s2008 ohua 001 0 eng
010 _a 2006910204
020 _a9780324376166 (hbk.)
040 _aDLC
_cDLC
_dDLC
041 _aeng
080 _a330
082 _2330 HEI
100 1 _a61
101 _aKON
245 1 0 _aCollege accounting.
_nChapters 1-27 /
_cJames A. Heintz, Robert W. Parry, Jr.
906 _a7
_bcbc
_corigcop
_d3
_eepcn
_f20
_gy-gencatlg
942 _2ddc
_cBK
999 _c39640
_d39640